000 00284nam a2200121Ia 4500
008 190216s9999||||xx |||||||||||||| ||und||
100 _aRashid A
245 0 _aIntroduction To Pteridophyta
260 _bVikas Publishing House
_c1976
300 _a283p
650 _aBotany
942 _cBK
999 _c1374
_d1374